000 00542nam a2200193Ia 4500
005 20250508152413.0
008 008 250505s9999 xx 000 0 eng d
037 _aTextual
040 _aFEDL
_beng
_cFEDL
041 _aeng
_2eng
084 _a651.7, GRE
_qFEDL
100 _aGregg John Robert...(et.al)
_9761393
245 0 _aApplied secretarial practice
250 _a4
260 _aNew York, USA
_bMcGraw Hill Book Company Inc
_c1957
300 _axii,500p
942 _cTEXL
_h651.7, GRE
999 _c1336214
_d1336214